000 00306nam a22001337a 4500
008 181015b xxu||||| |||| 00| 0 eng d
020 _a9780080374994
041 _aeng
080 _a591
100 _a7
101 _aZOO
245 _aFarm Animal Health a practical guide
_cCullen,P.T
942 _2udc
_cBK
999 _c49653
_d49653